Návrh riešenia na zefektívnenie riadenia zásob v spoločnosti Schaeffler Skalica, spol. s r. o.

Na minha lista:
Detalhes bibliográficos
Autor principal: Sulyok, Tomáš (Author)
Outros Autores: Makyšová, Helena (Thesis advisor)
Formato: Manuscrito Livro
Idioma:eslovaco
Publicado em: 2024
Assuntos:
Acesso em linha:http://is.stuba.sk/zp/portal_zp.pl?podrobnosti=183810
Tags: Adicionar Tag
Sem tags, seja o primeiro a adicionar uma tag!

MARC

LEADER 00000ntm a22000003a 4500
001 stuzp98094
003 SK-STU
005 20240608211618.0
007 ta
008 150427s2015----xo-----f-mn---000-0-slo-d
040 |a STU  |b slo 
041 0 |a slo 
100 1 |a Sulyok, Tomáš  |u 064000  |k Z4  |4 aut  |U MTF Materiálovotechnologická fakulta  |T MTF Ústav priemyselného inžinierstva a manažmentu  |X 99656  |U M4000  |Y 84  |7 99656 
242 0 1 |a Proposal of a Solution for Streamlining Inventory Management at Schaeffler Skalica, spol. s r. o.  |y eng 
245 1 0 |a Návrh riešenia na zefektívnenie riadenia zásob v spoločnosti Schaeffler Skalica, spol. s r. o. 
260 |c 2024 
650 4 |a riadenie zásob  |2 slo 
650 4 |a SAP S/4 HANA  |2 slo 
650 4 |a výrobný podnik  |2 slo 
650 4 |a implementácia  |2 slo 
650 4 |a zlepšenie  |2 slo 
650 4 |a inventory management  |2 eng 
650 4 |a SAP S/4 HANA  |2 eng 
650 4 |a manufacturing plant  |2 eng 
650 4 |a implementation  |2 eng 
650 4 |a improvement  |2 eng 
700 1 |a Makyšová, Helena  |u 064000  |k Z1  |4 ths  |U MTF Materiálovotechnologická fakulta  |T MTF Ústav priemyselného inžinierstva a manažmentu  |X 2772  |U M4000  |Y 84  |7 A000002772 
856 4 |u http://is.stuba.sk/zp/portal_zp.pl?podrobnosti=183810 
996 |c M* DP-15431  |l MMSKP  |s P  |a 0  |w stuzp98094_0001